Seis contos de Eça de Queirós (Registo nº 12581)

Detalhes MARC
000 -Etiqueta do registo
Valores 00658nam a22002411i 4500
010 ## - Número ISBN
ISBN 9727102557
090 ## -
-- 12581
100 ## - Dados gerais de processamento
Dados gerais 20170304u u u0frey50 ba
101 0# - Língua de publicação
-- por
102 ## - País de publicação
-- PT
200 1# - Titulo e menção de responsabilidade
Primeira menção de responsabilidade Luísa Ducla Soares
Título próprio Seis contos de Eça de Queirós
210 ## - Publicação
Nome do editor Terramar
Local de publicação Lisboa
Data de publicação 2000
215 ## - Descrição física 
Paginação / Volumes 79, [1] p.
Outras indicações físicas il.
Dimensões 19 cm
225 2# - Colecção 
Título próprio da colecção Contar/Recontar
Indicação de volume 4
300 ## - Notas gerais 
Texto da nota Oferta do Dr. Hugo Corte-Real, Fevereiro 2008
606 ## - Nome comum usado como assunto
ID Autoridade 185
Palavra de ordem Literatura infantil
675 ## - CDU
Notação 8:087.5
700 ## - Autor principal (pessoa individual)
ID Autoridade 2431
Apelido Soares
Nome Luísa Ducla
Datas 1939-
-- 070
702 ## - Autor secundário (pessoa individual)
Apelido Nuno
Nome Fonseca
-- 440
ID Autoridade 2894
801 ## - Fonte de origem
País PT
Regras de catalogação RPC
990 ## - Elementos KOHA
Tipo de documento Livro
994 ## - Estado da catalogação
-- COMP
Exemplares
Situação do levantamento Estado Biblioteca de origem Biblioteca de empréstimo Código de barras Cota Permissão de empréstimo Tipo de documento Nota relativa ao exemplar
  Completo Biblioteca Municipal de Viana Do Alentejo Biblioteca Municipal de Viana Do Alentejo 0018360 8 SOA Disponível Livro 10-15 anos
  Completo Biblioteca Municipal de Viana Do Alentejo Biblioteca Municipal de Viana Do Alentejo 0031368 8 SOA Disponível Livro 10-15 anos




Powered by Koha